Estadísticas para Territorios no habitados de los Estados Unidos

Haz click aquí para intentar la prueba.

Estadísticas generales

  • Esta prueba ha sido intentada 17 veces
  • La puntuación promedio es 5 de 11

Estadísticas de respuestas

Territorio% Correcto
Isla Midway
81%
Atolón Palmyra
75%
Isla Wake
69%
Isla Navassa
56%
Arrecife Kingman
50%
Isla Howland
44%
Isla Baker
38%
Atolón Johnson
31%
Bajo Nuevo
13%
Banco Serranilla
13%
Isla Jarvis
13%

Distribución de puntuación

Porcentaje por número respondido

Porcentaje de gente con cada puntuación

Historial de tus puntuaciones

No has intentado esta prueba.